01819nam a2200445 i 450000100060000000300080000600500170001400800410003102000260007202000290009803500190012704000270014604100080017308200280018124500570020925000190026626400430028530000610032833600260038933700280041533800270044350400510047065000130052165000220053465000160055670000370057270000320060970000360064170000340067770000380071170000330074970000370078270000370081970000340085694200120089099900170090295201540091995201500107395201500122382423BD-RjUL20231207105109.0231207s2021 nyua 001 0 eng d a1319365485qpaperback a9781319365486qpaperback a(BD-RjUL)82423 aYSHbengerdacBD-RjUL0 aeng00223a‪571.6 bMOL 202110aMolecular cell biology /cHarvey Lodish... [et al.]. aNinth edition. 1aNew York :bMacmillan Learning,c2021. axliii, 1184, I-36 pages :bcolor illustrations ;c28 cm. atextbtxt2rdacontent aunmediatedbn2rdamedia avolumebnc2rdacarrier aIncludes bibliographical references and index. 4aCytology 4aMolecular biology 4aCells975471 aLodish, Harvey F.eauthor9103901 aBerk, Arnoldeauthor9103911 aKaiser, Chris A.eauthor9103921 aKrieger, Montyeauthor9103931 aBretscher, Anthonyeauthor9103941 aPloegh, Hiddeeauthor9103951 aMartin, Kelsey C.eauthor9103961 aYaffe, Michael B.eauthor9103971 aAmon, Angelikaeauthor910398 2ddccBK c82423d82423 00102ddc40718NFICaRUCLbRUCLcReadingd2023-11-20eDhaka: Omni Conceptg7038.00l0o‪571.6 MOL 2021r2023-12-07 00:00:00tC-1w2023-12-07yBK 00102ddc40708NFICaRUCLbRUCLcGENd2023-11-20eDhaka: Omni Conceptg7038.00l0o‪571.6 MOL 2021r2023-12-07 00:00:00tC-2w2023-12-07yBK 00102ddc40708NFICaRUCLbRUCLcGENd2023-11-20eDhaka: Omni Conceptg7038.00l0o‪571.6 MOL 2021r2023-12-07 00:00:00tC-3w2023-12-07yBK